00498nam a2200133Ia 4500008004100000082002000041100002400061245009200085260003800177300001000215942001200225999001900237952010800256210430s9999 xx 000 0 und d a620.1123 H531 D aRichard W Hertzberg aDeformation and fracture Mechanics of Engineering Materials 3rd edcRichard W Hertzberg aNew YorkbJohn Wiley & Sonsc1989 a680p. cBK2ddc c562024d562024 001040708NFICaSCMEbSCMEcGENd0000-00-00l0o620.1123 H531 DpSCME-883r2021-04-30w2021-04-30yBK